|
|
|
|
| LEADER |
00000nam a2200000 a 4500 |
| 001 |
vtls001351353 |
| 003 |
SK-MaSNL |
| 005 |
20260302000121.0 |
| 008 |
251113s1995 RU b 0 rus |
| 020 |
|
|
|a 5719609628
|c [48,00]
|
| 035 |
|
|
|a SNK000304708
|
| 040 |
|
|
|a SNK
|b slo
|c SNK
|e AACR2
|
| 044 |
|
|
|a RU
|
| 080 |
|
|
|a 929 Odojevskij, V,F.
|2 1981
|
| 080 |
|
|
|a 882(091) Odojevskij, V.F.
|2 1981
|
| 100 |
1 |
|
|a Golubeva, Ol'ga Dmitrijevna
|4 aut
|9 445911
|
| 245 |
1 |
0 |
|a V.F. Odojevskij
|c O.D. Golubeva
|
| 260 |
|
|
|a Sankt-Peterburg
|b Rossijskaja nacional'naja biblioteka
|c 1995
|
| 300 |
|
|
|a 168 s.
|c 14 cm
|
| 490 |
1 |
|
|a Dejateli Rossijskoj nacional'noj biblioteki
|
| 600 |
1 |
|
|a Odojevskij, Vladimir Fëdorovič
|d 1846-1861
|x život a dielo
|x štúdie
|2 SNK
|9 634250
|
| 830 |
|
0 |
|a Dejateli Rossijskoj nacional'noj biblioteki
|9 445912
|
| 919 |
|
|
|a 5-7196-0962-8
|
| 999 |
|
|
|c 978069
|d 979999
|
| 952 |
|
|
|t P60, <04>, [BOOK], {604}
|a SNK
|b SNK
|y VYP
|7 0
|p 17A0006948
|o snkIE 9672
|i snkV 1049/96
|0 0
|1 0
|4 0
|d 1996-07-24
|l 0
|r 2005-01-01 00:00:00
|w 2026-02-24
|
| 952 |
|
|
|t P60, <04>, [BOOK], {604}
|a SNK
|b SNK
|y VYP
|7 0
|p 17A0171996
|o snkIE 9737
|i snkV 1659/98
|0 0
|1 0
|4 0
|d 1998-12-22
|l 0
|r 2005-01-02 00:00:00
|w 2026-02-24
|